00944naa#a2200169#i#4500001001500000005001700015100004100032102000700073200028800080210016900368215001000537608006000547675006500607700003200672700005200704856001800756RU\\bibl\1950620260516051436.6##a20260515b2026####ek#y0rusy0150####ca##aRU1#aФОРМИРОВАНИЕ ЭТИКИ ОТВЕТСТВЕННОГО ТУРИЗМА В СИСТЕМЕ ЭКОЛОГИЧЕСКОГО ОБРАЗОВАНИЯ (НА ПРИМЕРЕ Г. ВОРОНЕЖА И ВОРОНЕЖСКОЙ ОБЛАСТИ)eСтатья/тезисы конференции1#aВоронежcВоронежский государственный лесотехнический университет имени Г.Ф. Морозоваd2026##a7 с.##aСтатья/тезисы конференции2local##aФакторы, определяющие спрос. 338.484#1aПомазковаgЕ. Н.#1aКарташоваgНелли Павловна4#abibl.vgltu.ru